| 000 | 00745nam a22002532a 4500 | ||
|---|---|---|---|
| 001 | 76611 | ||
| 003 | BD-RjUL | ||
| 005 | 20211209082850.0 | ||
| 008 | 860101t19661965nyu 000 1 eng d | ||
| 035 | _aBD-RjUL)76835 | ||
| 040 |
_aIDB _cIDB _dBGU _dEQO _beng |
||
| 041 | _aeng | ||
| 082 |
_219 _a813.5 _bHOS 1965 |
||
| 090 |
_aPZ3.H78383 _bSc2x |
||
| 092 | _aD0503217720 | ||
| 100 | 1 |
_aHoran, James D. _q(James David), _d1914-1981. _9236890 |
|
| 245 | 1 | 4 |
_aThe seat of power / _cby James D. Horan |
| 260 |
_aNew York : _bDell, _c1966,c1965 |
||
| 300 |
_a473 p. ; _c18 cm |
||
| 650 | 0 |
_aOrganized crime _zNew York (N.Y.) _xFiction _9236891 |
|
| 651 | 0 |
_aNew York (N.Y.) _xFiction _9236892 |
|
| 942 |
_2ddc _cBK |
||
| 999 |
_c76611 _d76611 |
||